000 00487nam a2200145Ia 4500
008 100122s9999 xx 000 0 und d
082 _b43055
_a823
100 _aरांगणेकर कुमुदिनी
245 _aहा खेळ संशयाचा
260 _bगुलमोहर पब्लिकेशन्स
_c1989
300 _a224
630 _aहा खेळ संशयाचा
730 _aहा खेळ संशयाचा
942 _cBOOK
999 _c423262
_d423259